000 00935nas a2200337 4500
001 BR0303690
003 BR-BrBNA
005 20231205103942.0
007 ta
008 230509b bl.|||p| |||| 00| 00por d
040 _aBR-BrBNA
_bpor
_cBiblioteca Nacional de Agricultura
041 _a(Pt)
072 _aL53
100 1 _aLehmkuhl, R.C.
100 1 _aMezzalira, A.
100 1 _aCieira, A.D.
100 1 _aBarbieri, D.P.
100 1 _aMachado, M.F.
100 1 _aRubin, M.I.V.
100 1 _aSilva, C.A.M.
245 1 _aViabilidade de oócitos bovinos mantidos em líquido folicular
650 _aBOVINO
650 _aLÍQUIDO
650 _aOVÁRIO
650 _aPRODUÇÃO ANIMAL
650 _aCULTURA IN VITRO
650 _aMATURIDADE
773 0 _tArs Veterinária (Brazil)
_xISSN 0102-6380
_g(Dec 2002), v. 18(3) p. 273-279
_wBR0303690
909 _a202311
_bLúcia
_c55
_dLúcia Elande
942 _2AGRIS
_n0
_cANA
999 _c175624
_d175624